| 000 | 01009cam a2200349 i 4500 | ||
|---|---|---|---|
| 001 | 000054 | ||
| 003 | DO-SdBNP | ||
| 005 | 20241010112335.0 | ||
| 007 | 0000554 | ||
| 008 | 100514s 2004 sp 000 f spa | ||
| 015 | _a | ||
| 017 |
_a _b |
||
| 020 | _a8408055186 | ||
| 035 | _a | ||
| 040 |
_aBPMSU _bspa _cBPMSU _e |
||
| 080 | _a | ||
| 082 | 4 |
_a823.91 _bC794L 2004 _222 |
|
| 100 | 1 | _aCorder, Zizou | |
| 245 | 1 | 0 |
_aLionboy : _bla caza/ _cZizou Corder ; traducción Roberto Falcó ; ilustraciones Fred Van Deelen _h |
| 260 |
_aBarcelona : _bEdiciones Destino, _c2004. |
||
| 300 |
_a298 p. : _bil. ; _c22 cm. |
||
| 490 | 0 | _aLa isla del tiempo | |
| 590 | _aInventariado, 2024/VM | ||
| 650 | 4 | _aNovela infantil inglesa | |
| 650 | 4 |
_aCircos _vNovela infantil |
|
| 650 | 4 |
_aLeones _vNovela infantil |
|
| 700 | 1 |
_aFalcó, Roberto, _etraductor |
|
| 700 | 1 |
_aDeelen, Fred van, _eilustrador |
|
| 910 | _aVMateo V. Control de calidad. BPMSU | ||
| 942 |
_2ddc _cBK |
||
| 945 | _aInventariado, 2018 /LP | ||
| 999 |
_c10970 _d10970 |
||